<Das> Mittelstufenbuch - Deutsch als Fremdsprache <ein> Lehr- und Übungsbuch

Enregistré dans:
Détails bibliographiques
Auteur principal: Buscha, Anne
Autres auteurs: Linthout, Gisela
Format: Livre
Langue:allemand
Publié: Leipzig Schubert-Verlag 2002
Sujets:
Tags: Ajouter un tag
Pas de tags, Soyez le premier à ajouter un tag!

MARC

LEADER 00000nam$a2200000$$$4500
001 0046310
005 20221129105023.1
020 |a 3-929526-67-0 
041 0 |a ger 
044 |a DE 
245 1 0 |a <Das> Mittelstufenbuch - Deutsch als Fremdsprache  |b <ein> Lehr- und Übungsbuch  |c von Anne Buscha, Gisela Linthout 
264 1 |a Leipzig  |b Schubert-Verlag  |c 2002 
300 |a 232 s. 
610 2 0 |a jazykoveda 
610 2 0 |a terminológia 
610 2 0 |a jazyky cudzie 
610 2 0 |a nemčina 
100 1 |a Buscha, Anne 
700 1 |a Linthout, Gisela